| 000 | 00485nam a2200181 a 4500 | ||
|---|---|---|---|
| 005 | 20241012063801.0 | ||
| 008 | 991125s1969 par 000 0 fre u | ||
| 035 | _aUPN01000027709 | ||
| 049 | _aCG | ||
| 050 | 4 |
_aGN454.8 _bR3.5 |
|
| 100 | 1 | _aRabecq-Maillard, M.M. | |
| 245 | 1 | 0 |
_aHistoire des jeux educatifs / _cM. M. Rabecq-Maillard. |
| 260 |
_aParis : _bF. Nathan, _c1969. |
||
| 300 |
_a64 p. : _bil. |
||
| 650 | 4 |
_aJuegos educativos _93952 |
|
| 905 | _aLibro | ||
| 999 |
_c27709 _d27709 |
||